00832nam a2200241 i 4500001000300000100003900003245013800042250001200180260005000192300002100242490001200263830001200275020002200287040000800309041000800317080002900325920002400354942000700378008004100385999001700426856009800443952004900541bg1 aWIŚNIEWSKI, Andrzej Władysław. 0aPrawo o spółkach :bpodręcznik praktyczny.nT. 1,pWiadomości ogólne, spółki osobowe /cAndrzej Władysław Wiśniewski. aWyd. 3. aWarszawa :b"Poltext" :bTwigger,c1992-1993. a132 s. ;c21 cm.1 aTwigger aTwigger a8390000806 (T. 1) cBPK apol a347.471+347.72](438)(07) a83-900008-06 (T. 1) cKS s pl f |000 0 pol  c29881d29881 uhttp://koha.tu.koszalin.pl/cgi-bin/koha/opac-detail.pl?biblionumber=29881yKatalog online BPK 00104070aBPKbBPKcwo36295p01303131yKS